000
00252nam a2200097Ia 4500
008
240331s9999 xx 000 0 und d
082
_b
MAK
100
_a
Panikkar.K.N,. ed
245
4
_a
The Making of History :
_b
Essays presented to Irfan Habib
942
_c
L
999
_c
5671
_d
5671